| 000 -LEADER |
| fixed length control field |
00600cam a22001697a 4500 |
| 008 - FIXED-LENGTH DATA ELEMENTS--GENERAL INFORMATION |
| fixed length control field |
180718b2000 xxu||||| |||| 00| 0 eng d |
| 082 ## - DEWEY DECIMAL CLASSIFICATION NUMBER |
| Classification number |
XA7x54 M691 (N) |
| 100 ## - MAIN ENTRY--PERSONAL NAME |
| Personal name |
Misra, Girish K. |
| 245 ## - TITLE STATEMENT |
| Title |
Self-help and community participation for rural housing in areas prone to natural disasters |
| Statement of responsibility, etc. |
by Girish K. Misra and J.N. Upadhyay |
| 260 ## - PUBLICATION, DISTRIBUTION, ETC. |
| Place of publication, distribution, etc. |
New Delhi |
| Name of publisher, distributor, etc. |
Indian Institute of Public Administration |
| Date of publication, distribution, etc. |
2000 |
| 300 ## - PHYSICAL DESCRIPTION |
| Extent |
85p. |
| 650 ## - SUBJECT ADDED ENTRY--TOPICAL TERM |
| Topical term or geographic name entry element |
Disasters relief - India |
| 650 ## - SUBJECT ADDED ENTRY--TOPICAL TERM |
| Topical term or geographic name entry element |
Disasters - India |
| 650 ## - SUBJECT ADDED ENTRY--TOPICAL TERM |
| Topical term or geographic name entry element |
Housing policy - India |
| 650 ## - SUBJECT ADDED ENTRY--TOPICAL TERM |
| Topical term or geographic name entry element |
Housing, Rural - India |
| 700 ## - ADDED ENTRY--PERSONAL NAME |
| Personal name |
Upadhyay, J.N. |